Normal view
MARC view
- Hussain, Tahir
Entry Personal Name
001 - CONTROL NUMBER
- control field: 32967
003 - CONTROL NUMBER IDENTIFIER
- control field: NUST
005 - DATE AND TIME OF LATEST TRANSACTION
- control field: 20201020120011.0
008 - FIXED-LENGTH DATA ELEMENTS
- fixed length control field: 201020|| aca||aabn | a|a d
040 ## - CATALOGING SOURCE
- Original cataloging agency: NUST
- Transcribing agency: NUST
100 ## - HEADING--PERSONAL NAME
- Personal name: Hussain, Tahir
670 ## - SOURCE DATA FOUND
- Source citation: Work cat.: (NUST): Hussain, Tahir, HW Implementation of Deblocking Filter for H.264 for real time Application /, 2014.
